| 000 | 00000nam##2200000za#4500 |
| 001 | 9.642171 |
| 003 | CaOODSP |
| 005 | 20250506145323 |
| 007 | cr ||||||||||| |
| 008 | 150407|1990||||xxc|||||o f|0| 0 fre|d |
| 040 | |aCaOODSP|bfre |
| 043 | |an-cn--- |
| 086 | 1 |aA43-1849/1990F-PDF |
| 110 | 1 |aCanada.|bAgriculture Canada. |
| 245 | 10|aPulvérisateurs agricoles de pesticides / |h[ressource électronique]|ccompilé par R. Grover et W.B. Reed. |
| 260 | |aOttawa - Ontario : |bAgriculture Canada |c1990. |
| 300 | |a96p.|bfigures, graphique, tableaux, photographies |
| 500 | |aPublication historique numérisée par Agriculture et Agroalimentaire Canada. "La présente publication remplace Agric. Can. Publ. 1482 Pulvérisateurs agricoles."--p.3 de 96. |
| 590 | |a13-17-Supp|b2013-07-25 |
| 691 | 07|aExploitation agricole|2gcpds |
| 691 | 07|aPesticide|2gcpds |
| 691 | 07|aTechnologie agricole|2gcpds |
| 775 | 08|tField sprayers for pesticides / |w(CaOODSP)9.697815 |
| 776 | 0#|tPulvérisateurs agricoles de pesticides / |w(CaOODSP)9.678621 |
| 856 | 40|ahttp://publications.gc.ca|qPDF|s6.46 Mo|uhttps://publications.gc.ca/collections/collection_2013/aac-aafc/agrhist/A43-1849-1990-fra.pdf |
| 986 | |a1849/F |